000 00637nam a2200193 a 4500
001 15013
003 CO-ViMGA
008 141112s2004 ck r 000 u spa d
040 _aCO-ViMGA
_bspa
_cCO-ViMGA
082 0 4 _a331.0986 I577m
100 1 _aInstituto Maria Cano,
_921771
245 1 0 _aNueva ley laboral.Ley 50 de 1990 antecedentes y analisis
260 _aBtá,
_cIsmac,
_c1991
300 _aCarpeta tecnica No.11
590 _aForma de adquisición : Donación - - Precio :
_10.000
650 1 4 _aDERECHO LABORAL - LEGISLACION COLOMBIANA
_921772
650 1 4 _aLEY 50 DE 1990 - CRITICA E INTERPRETACION
_921773
942 _2ddc
_cBK
999 _c25449
_d25449